• 首页
  • 本馆介绍
  • 公告通知
  • 最新文献
  • 馆藏检索
  • 电子资源
  • 读者导购
  • 参考咨询
  • 我的图书馆
  • 登录
  • 详细信息显示
  • 放入我的书架
  • 预约/预借图书
  • 作者相关作品
  • 分类相关作品
  • 丛书相关作品
  • 出版社相关作品

书目信息

  • 表格格式
  • 工作单格式
  • 卡片格式
题名:
毛泽东与中国文化
    
 
作者: 李鹏程
分册:  
出版信息: 北京   人民出版社  1993
页数: 416
开本: 21cm
丛书名:
单 册:
中图分类: A841.67
科图分类:
主题词: 毛泽东著作--学习 , 毛泽东著作研究
电子资源:
ISBN: 7-01-001459-0
000 00548nam0 2200193 450
001 0760515518
005 20070817164835.51
010    @a7-01-001459-0@d¥23.50
100    @a20070817d km y0chiy0120 ea
101 0  @achi
200 1  @a毛泽东与中国文化@Amao ze dong yu zhong guo wen hua@f李鹏程@Fli peng cheng
210    @a北京@c人民出版社@d1993
215    @a416@d21cm
606 0  @a毛泽东著作@x学习
606 0  @a毛泽东著作研究
690    @aA841.67@v3
701  0 @a李鹏程@Ali peng cheng
801  0 @aCN@bPFT@c20070817
905    @a213230@dA841.67@eg2@f1
    
    毛泽东与中国文化/李鹏程.-北京:人民出版社,1993
    416;21cm
    
    
    ISBN 7-01-001459-0:¥23.50
    
●
相关链接 在E读中查询图书 在五车中查询图书 在当当中查询图书 在豆瓣中查询图书


正题名:毛泽东与中国文化     索取号:A841.67/g2         预约/预借

序号 登录号 条形码 馆藏地/架位号 状态 备注
1 6500031   265000312   经管系资料室/ [索取号:A841.67/g2] 在馆    
唐山师范学院图书馆 欢迎您!
大连网信软件有限公司© 版权所有